[Event "First Saturday 2011 aprilis GM"]
[Site "Budapest"]
[Date "2011.04.08"]
[Round "7"]
[White "Kargin, Arseny"]
[Black "Natsidis, Christoph"]
[Result "1/2-1/2"]
[WhiteElo "2400"]
[BlackElo "2329"]
[PlyCount "138"]
[EventDate "2011.04.02"]

1. e4 c5 2. Nf3 e6 3. d4 cxd4 4. Nxd4 a6 5. Bd3 Nf6 6. O-O Qc7 7. Qe2 d6 8. c4
g6 9. Nc3 Bg7 10. Rd1 O-O 11. Nf3 Nc6 12. h3 Nd7 13. Bf4 Bxc3 14. bxc3 e5 15.
Bh6 Re8 16. Nh2 Nc5 17. Bc2 f6 18. Qd2 Nd8 19. Qxd6 Qxd6 20. Rxd6 Nf7 21. Rd5
Nxe4 22. Bxe4 Nxh6 23. Rd6 Kg7 24. Bxb7 Bxb7 25. Rd7+ Nf7 26. Rxb7 h5 27. Nf1
Reb8 28. Rab1 Rxb7 29. Rxb7 Rc8 30. Nd2 Rc6 31. Ne4 Kf8 32. c5 Nd8 33. Rd7 Nf7
34. Kf1 Ke8 35. Rd5 f5 36. Nd6+ Nxd6 37. Rxe5+ Kf7 38. cxd6 Rxd6 39. Ke2 Kf6
40. Re3 g5 41. Rd3 Rb6 42. Rd8 Rb2+ 43. Rd2 Rb6 44. c4 h4 45. Kd3 Ke5 46. c5
Rb4 47. Kc3 Rb1 48. Kc4 Rc1+ 49. Kb4 Rb1+ 50. Ka5 Rb5+ 51. Kxa6 Rxc5 52. a4 g4
53. Kb6 Rc3 54. a5 gxh3 55. gxh3 Rxh3 56. Rb2 Ra3 57. a6 h3 58. Rb4 Kf6 59. Rh4
Kg5 60. Rh8 Kg4 61. a7 f4 62. a8=Q Rxa8 63. Rxa8 Kf3 64. Rh8 Kxf2 65. Rxh3 Kg2
66. Rh8 f3 67. Rg8+ Kh2 68. Rf8 Kg2 69. Rxf3 Kxf3 1/2-1/2

[Event "First Saturday 2011 aprilis GM"]
[Site "Budapest"]
[Date "2011.04.08"]
[Round "7"]
[White "Bindrich, Falko"]
[Black "D'Costa, Lorin"]
[Result "1-0"]
[WhiteElo "2523"]
[BlackElo "2441"]
[PlyCount "97"]
[EventDate "2011.04.02"]

1. Nf3 Nf6 2. c4 e6 3. Nc3 Bb4 4. Qc2 O-O 5. a3 Bxc3 6. Qxc3 d6 7. d4 b6 8. g3
Bb7 9. Bg2 Nbd7 10. O-O Qe7 11. b4 c5 12. Bb2 cxd4 13. Qxd4 e5 14. Qe3 Rac8 15.
Rac1 Rc7 16. Rfd1 Rfc8 17. Qd2 Ne8 18. Nh4 Bxg2 19. Nxg2 Rxc4 20. Rxc4 Rxc4 21.
Ne3 Rc6 22. b5 Rc5 23. Nf5 Qe6 24. Nxd6 Nef6 25. Ne4 Rd5 26. Nxf6+ Nxf6 27. Qc2
Rxd1+ 28. Qxd1 Qd7 29. Qb3 Qd6 30. a4 Ne4 31. Qf3 Qd1+ 32. Kg2 Qd5 33. Qd3 Qxd3
34. exd3 Nc5 35. Bxe5 Nxd3 36. Bd4 f6 37. Kf3 Kf7 38. Ke4 Nc1 39. a5 bxa5 40.
Bxa7 Nb3 41. b6 Nc5+ 42. Kd5 Nb7 43. Kc6 a4 44. Kxb7 a3 45. Kc8 a2 46. b7 a1=Q
47. b8=Q g5 48. Qb7+ Kg6 49. Qe4+ 1-0

[Event "First Saturday 2011 aprilis GM"]
[Site "Budapest"]
[Date "2011.04.08"]
[Round "7"]
[White "Gonda, Laszlo"]
[Black "Tesik, Csaba"]
[Result "1-0"]
[WhiteElo "2548"]
[BlackElo "2299"]
[PlyCount "101"]
[EventDate "2011.04.02"]

1. d4 Nf6 2. c4 e6 3. Nf3 b6 4. g3 Ba6 5. b3 Bb4+ 6. Bd2 Be7 7. Bg2 c6 8. O-O
d5 9. Qc2 Nbd7 10. Rd1 O-O 11. a4 Rc8 12. a5 b5 13. c5 Ne4 14. Nc3 f5 15. Na2
b4 16. Be1 g5 17. Nxb4 Bb5 18. Nd3 g4 19. Nfe5 Nxe5 20. Nxe5 Ng5 21. Qd2 Qe8
22. Qe3 Qh5 23. Bd2 Ne4 24. f3 Bg5 25. f4 Be7 26. Nd3 Rf6 27. Nf2 Rh6 28. Nxe4
fxe4 29. Kf2 Qf5 30. Rh1 a6 31. Ke1 Kh8 32. Kd1 Rg8 33. Bf1 Rgg6 34. Qf2 Rg8
35. Kc1 Rh5 36. Kb2 Bf6 37. Bc3 Rb8 38. e3 Bxf1 39. Qxf1 Rb5 40. Ra4 Bd8 41.
Rb4 Bxa5 42. Rxb5 Bxc3+ 43. Kxc3 axb5 44. Qa1 Qf8 45. Qa6 Qe8 46. Qb7 Rf5 47.
Ra1 Rf7 48. Qa8 Rf8 49. Qxe8 Rxe8 50. Ra7 Rc8 51. Kb4 1-0

[Event "First Saturday 2011 aprilis GM"]
[Site "Budapest"]
[Date "2011.04.08"]
[Round "7"]
[White "Rodriguez, Lopez.R"]
[Black "Vajda, Levente"]
[Result "0-1"]
[WhiteElo "2317"]
[BlackElo "2508"]
[PlyCount "122"]
[EventDate "2011.04.02"]

1. e4 e5 2. Nf3 Nc6 3. Bb5 a6 4. Ba4 Nf6 5. O-O Be7 6. Re1 b5 7. Bb3 O-O 8. h3
Bb7 9. d3 d6 10. a3 Qd7 11. Nbd2 Nd8 12. Nf1 Ne6 13. c3 Rae8 14. Ng3 Bd8 15. d4
exd4 16. cxd4 d5 17. e5 Ne4 18. Bc2 Nxg3 19. fxg3 c5 20. Qd3 g6 21. Bh6 c4 22.
Qd2 Ng7 23. Nh2 f6 24. exf6 Rxf6 25. Rxe8+ Qxe8 26. Bg5 Rf8 27. Bxd8 Qxd8 28.
Nf3 Bc8 29. g4 Ne6 30. Rf1 Qf6 31. g3 a5 32. Bd1 Qg7 33. Ne5 Rxf1+ 34. Kxf1
Qf8+ 35. Bf3 b4 36. axb4 axb4 37. Kg2 Qd6 38. h4 Kg7 39. g5 Ba6 40. Ng4 Bb5 41.
Nf6 Bc6 42. Kf2 Nc7 43. Qe1 h6 44. Ng4 h5 45. Nf6 Kf7 46. Qa1 Nb5 47. Qa6 c3
48. bxc3 bxc3 49. Bxd5+ Bxd5 50. Qxb5 c2 51. Qb2 Qc6 52. Qc1 Be6 53. d5 Qc5+
54. Ke2 Bf5 55. d6 Qxd6 56. Qe3 Qd3+ 57. Qxd3 c1=N+ 58. Ke3 Nxd3 59. Kd4 Nf2
60. Ke5 Ng4+ 61. Nxg4 Bxg4 0-1

[Event "First Saturday 2011 aprilis GM"]
[Site "Budapest"]
[Date "2011.04.08"]
[Round "7"]
[White "Antipov, Mikhail Al"]
[Black "Szabo, Bence"]
[Result "1-0"]
[WhiteElo "2379"]
[BlackElo "2359"]
[PlyCount "45"]
[EventDate "2011.04.02"]

1. e4 c5 2. Nf3 d6 3. d4 cxd4 4. Nxd4 Nf6 5. Nc3 a6 6. Bc4 e6 7. O-O Be7 8. Bb3
O-O 9. f4 b5 10. e5 dxe5 11. fxe5 Nfd7 12. Be3 Qc7 13. Rxf7 Rxf7 14. Nxe6 Qxe5
15. Bd4 Qf5 16. Nxg7 Qf4 17. Bxf7+ Qxf7 18. Qg4 Qg6 19. Qf3 Qc6 20. Nd5 Bc5 21.
Kh1 Bb7 22. Nf5 Qxd5 23. Nh6# 1-0

[Event "First Saturday 2011 aprilis GM"]
[Site "Budapest"]
[Date "2011.04.09"]
[Round "8"]
[White "Natsidis, Christoph"]
[Black "Szabo, Bence"]
[Result "1/2-1/2"]
[WhiteElo "2329"]
[BlackElo "2359"]
[PlyCount "108"]
[EventDate "2011.04.02"]

1. d4 Nf6 2. Nf3 e6 3. g3 b6 4. Bg2 Bb7 5. c4 Be7 6. O-O O-O 7. d5 Na6 8. Nd4
exd5 9. Nf5 c6 10. cxd5 Nxd5 11. e4 Nf6 12. Nc3 Nc5 13. Re1 Ne8 14. e5 Ba6 15.
Qg4 Bd3 16. Nxe7+ Qxe7 17. Bg5 Qe6 18. Qxe6 fxe6 19. b4 Na6 20. b5 Nb8 21. Rad1
Bf5 22. bxc6 dxc6 23. Be7 Rf7 24. Ba3 Na6 25. Ne2 Bg4 26. Bxc6 Rc8 27. Bg2 Nc5
28. Rd4 Bf5 29. Rc1 Rfc7 30. g4 Bg6 31. Nf4 Bf7 32. Rcd1 b5 33. Bf1 a6 34. Bb4
Na4 35. Rd8 Nb2 36. Rxc8 Rxc8 37. Rd4 Nc4 38. Bxc4 bxc4 39. Ne2 Bg6 40. Nc3 Bd3
41. f4 Nc7 42. a4 Ne8 43. Kf2 Rb8 44. Ba5 g6 45. Rd7 Ra8 46. Kg3 Ng7 47. Bb6 h6
48. a5 Ne8 49. Kf3 Ng7 50. Bd8 Ne8 51. Bf6 Rb8 52. Ke3 h5 53. g5 Ra8 54. h4 Rc8
{after 7 move} 1/2-1/2

[Event "First Saturday 2011 aprilis GM"]
[Site "Budapest"]
[Date "2011.04.09"]
[Round "8"]
[White "Tesik, Csaba"]
[Black "Rodriguez, Lopez.R"]
[Result "1-0"]
[WhiteElo "2299"]
[BlackElo "2317"]
[PlyCount "91"]
[EventDate "2011.04.02"]

1. e4 c5 2. Nf3 d6 3. d4 cxd4 4. Nxd4 Nf6 5. Nc3 a6 6. Bg5 Nbd7 7. Bc4 Qb6 8.
Bb3 e6 9. O-O Be7 10. Kh1 Nc5 11. Qe2 Nxb3 12. Nxb3 h6 13. Bh4 Qc7 14. f4 O-O
15. e5 dxe5 16. fxe5 Nd5 17. Nxd5 exd5 18. Bxe7 Qxe7 19. Nd4 Bd7 20. Rae1 Rae8
21. c3 Qc5 22. Qh5 Qb6 23. Rf2 Re7 24. Re3 Qc7 25. Rff3 Rfe8 26. Rg3 Qc4 27. h3
Qf1+ 28. Kh2 Qf4 29. Ne2 Qf5 30. Qxh6 Qh7 31. Rxg7+ Qxg7 32. Rg3 Qxg3+ 33. Nxg3
Re6 34. Qh4 Bc6 35. Nf5 Rg6 36. Ne7+ Rxe7 37. Qxe7 d4 38. g4 dxc3 39. bxc3 Be4
40. Kg3 Rc6 41. Kf4 Bg6 42. Qxb7 Rxc3 43. h4 Rc4+ 44. Kg5 Bd3 45. Kh6 Kf8 46.
Qd7 1-0

[Event "First Saturday 2011 aprilis GM"]
[Site "Budapest"]
[Date "2011.04.09"]
[Round "8"]
[White "Kargin, Arseny"]
[Black "Bindrich, Falko"]
[Result "1/2-1/2"]
[WhiteElo "2400"]
[BlackElo "2523"]
[PlyCount "55"]
[EventDate "2011.04.02"]

1. e4 e5 2. Nf3 Nc6 3. Bb5 a6 4. Ba4 Nf6 5. O-O Be7 6. Re1 b5 7. Bb3 d6 8. c3
O-O 9. h3 Nb8 10. d3 Nbd7 11. Nbd2 Bb7 12. Nf1 Nc5 13. Bc2 Re8 14. Ne3 Bf8 15.
b4 Ne6 16. a4 g6 17. Bb3 Bg7 18. Nd5 Nxd5 19. exd5 Nf8 20. axb5 axb5 21. Rxa8
Qxa8 22. c4 Nd7 23. Qc2 c6 24. dxc6 Bxc6 25. Ng5 d5 26. cxd5 Bxd5 27. Ne4 Nf6
28. Bxd5 1/2-1/2

[Event "First Saturday 2011 aprilis GM"]
[Site "Budapest"]
[Date "2011.04.10"]
[Round "9"]
[White "Gonda, Laszlo"]
[Black "Kargin, Arseny"]
[Result "0-1"]
[WhiteElo "2548"]
[BlackElo "2400"]
[PlyCount "60"]
[EventDate "2011.04.02"]

1. d4 d5 2. c4 c6 3. Nf3 Nf6 4. e3 Bf5 5. Nc3 e6 6. Nh4 Be4 7. f3 Bg6 8. Qb3
Qc7 9. Bd2 Be7 10. g3 Bh5 11. O-O-O g5 12. g4 Bxg4 13. fxg4 gxh4 14. g5 Ne4 15.
Nxe4 dxe4 16. Bg2 Bxg5 17. Bxe4 Nd7 18. Kb1 O-O-O 19. Qa3 f5 20. Bf3 Kb8 21.
Ba5 b6 22. Bb4 c5 23. Bc3 e5 24. Bd5 Bxe3 25. dxe5 Nxe5 26. Be1 Nxc4 27. Qd3
Nxb2 28. Qxe3 Nxd1 29. Qb3 Qe5 30. Bf3 Rd3 0-1

[Event "First Saturday 2011 aprilis GM"]
[Site "Budapest"]
[Date "2011.04.10"]
[Round "9"]
[White "Rodriguez, Lopez.R"]
[Black "D'Costa, Lorin"]
[Result "1-0"]
[WhiteElo "2317"]
[BlackElo "2441"]
[PlyCount "163"]
[EventDate "2011.04.02"]

1. e4 c5 2. Nf3 e6 3. d4 cxd4 4. Nxd4 a6 5. Bd3 Bc5 6. Nb3 Be7 7. Qg4 g6 8. Qe2
d6 9. O-O Nd7 10. a4 b6 11. Na3 Qc7 12. Nc4 Ngf6 13. Bh6 d5 14. exd5 Nxd5 15.
Ne3 Nxe3 16. Qxe3 Bb7 17. Be4 Bxe4 18. Qxe4 Rc8 19. Rfd1 Nf6 20. Qf3 Qc6 21.
Qh3 Qe4 22. Nd4 Rg8 23. c3 g5 24. Re1 Qh4 25. Qxh4 gxh4 26. h3 Rg6 27. Bf4 Nd5
28. Bh2 Kd7 29. Rad1 Bf6 30. Nf3 Rc4 31. Be5 Kc8 32. b3 Rc5 33. c4 Nb4 34. Bd6
Rf5 35. Ne5 Bxe5 36. Bxe5 Nc6 37. Bc3 Kc7 38. b4 f6 39. b5 axb5 40. cxb5 Ne7
41. a5 Nd5 42. Rc1 bxa5 43. Bxa5+ Kd6 44. Rc6+ Kd7 45. Re4 Rf4 46. Rec4 Rxc4
47. Rxc4 Kd6 48. Kf1 Rg7 49. Rc6+ Ke5 50. b6 Rb7 51. Ke2 Rb8 52. Kf3 Kf5 53.
Ke2 Nf4+ 54. Kd2 Nd5 55. Kd3 Rg8 56. Kc4 Nxb6+ 57. Bxb6 Rxg2 58. Rd6 e5 59. Bd8
Rh2 60. Rxf6+ Ke4 61. f3+ Ke3 62. Bb6+ Ke2 63. Kd5 Rxh3 64. Ke4 Rg3 65. Be3 Rg6
66. Rf5 h3 67. Rxe5 h2 68. Rh5 Re6+ 69. Kf5 Rxe3 70. f4 Rf3 71. Rxh2+ Ke3 72.
Rh4 h5 73. Ke5 Rg3 74. Rxh5 Kd3 75. f5 Re3+ 76. Kd5 Rf3 77. Ke6 Re3+ 78. Kf7
Ke4 79. f6 Ra3 80. Kg7 Kf4 81. f7 Kg4 82. Rh8 1-0

[Event "First Saturday 2011 aprilis GM"]
[Site "Budapest"]
[Date "2011.04.10"]
[Round "9"]
[White "Szabo, Bence"]
[Black "Vajda, Levente"]
[Result "0-1"]
[WhiteElo "2359"]
[BlackElo "2508"]
[PlyCount "74"]
[EventDate "2011.04.02"]

1. d4 Nf6 2. c4 c5 3. d5 e5 4. Nc3 d6 5. e4 Nbd7 6. Bd3 Be7 7. Nge2 h5 8. f3 h4
9. Be3 Nf8 10. Qd2 Bd7 11. a3 Ng6 12. Rb1 Kf8 13. O-O Kg8 14. Bc2 Qc8 15. Ba4
Bxa4 16. Nxa4 Rh5 17. b4 b6 18. bxc5 dxc5 19. Nb2 Ne8 20. a4 Nd6 21. a5 f5 22.
exf5 Rxf5 23. Nc3 Qf8 24. Nb5 h3 25. Nc7 Rc8 26. Ne6 Qf7 27. axb6 axb6 28. gxh3
Nh4 29. Kh1 Rxf3 30. Qe2 Qf5 31. Bf2 e4 32. Bxh4 Bxh4 33. Qg2 Bf6 34. Rg1 Qxh3
35. Na4 Nxc4 36. Nxb6 Qxg2+ 37. Rxg2 Rb8 0-1